000 00807cab a2200229 4500
001 WB2932-11
008 090401t1993 xxu||||| |||| 00| 0 eng d
035 _a(Sirsi) u11478
041 _aeng
100 _aGoodwin, M.
245 _aBusiness needs environmental advice
260 _c1993
350 _a0
490 _aCSM (Chartered Surveyor Monthly)
_v3(1) September 1993, 16&17(1)
520 _aWith environmental policy becoming an important factor in business life more chartered surveyors are being asked to provide advice. A good knowledge of the main issues and legislation is required.
650 _aABOUT RICS-RICS MEMBERS
650 _aENVIRONMENTAL POLICIES
650 _aGREEN BUSINESS PROGRAMME
690 _aENVIRONMENTAL AND LAND CONSULTANCY
942 _n0
948 _c04/03/1997
999 _c7317
_d7317